[Event "31st Bulgarian Open Chmpionshi"]
[Site "Plovdiv, Bulgaria"]
[Date "2009.02.04"]
[Round "5.34"]
[White "Atanasov, Anatoli"]
[Black "Janachkov, Angel"]
[Result "1/2-1/2"]
[WhiteElo "2007"]
[BlackElo "2243"]
[PlyCount "153"]
[EventDate "2009.02.01"]

1. d4 Nf6 2. c4 g6 3. Nc3 Bg7 4. e4 d6 5. Bd3 O-O 6. Nge2 a6 7. O-O c5 8. Be3
Ng4 9. Qd2 Nxe3 10. Qxe3 cxd4 11. Nxd4 Nc6 12. Nce2 Nxd4 13. Nxd4 e6 14. Rab1
Qa5 15. a3 Qc5 16. Nc2 Qxe3 17. Nxe3 Rd8 18. b4 Kf8 19. Be2 Ke7 20. Rfd1 Bd7
21. Kf1 a5 22. b5 b6 23. a4 Bh6 24. Ng4 Bg5 25. f3 Rac8 26. Rb3 f5 27. Nf2 Bf6
28. g4 fxg4 29. Nxg4 Bg7 30. Ne3 Rc5 31. Kf2 Bc8 32. Rbd3 Bb7 33. R3d2 Bh6 34.
Rd3 Bf4 35. h4 Rf8 36. Ng2 Be5 37. Ke3 Rxc4 38. Rxd6 Rxe4+ 39. fxe4 Bxd6 40.
Bf3 Bc5+ 41. Ke2 h6 42. Ne1 h5 43. Nd3 Bd6 44. Rg1 Kf7 45. Rc1 Rc8 46. Rxc8
Bxc8 47. e5 Be7 48. Nb2 Bxh4 49. Nc4 Ke7 50. Nxb6 Bd7 51. Nc4 Bg3 52. b6 Kd8
53. Nxa5 Bxa4 54. Nb7+ Kc8 55. Nd6+ Kb8 56. Nf7 Be8 57. Nd6 Bd7 58. Nf7 h4 59.
Kf1 Bc8 60. Nd6 Bd7 61. Nf7 h3 62. Kg1 Bc8 63. Nd8 Bd7 64. Nf7 g5 65. Nxg5 h2+
66. Kh1 Bxe5 67. Be4 Bc8 68. Nf3 Bf4 69. Nxh2 Bb7 70. Bxb7 Kxb7 71. Ng4 Kxb6
72. Kg2 Kc5 73. Kf3 Bg5 74. Ke4 Kd6 75. Nf2 Ke7 76. Nd3 Kf6 77. Nc5 1/2-1/2

[Event "31st Bulgarian Open Chmpionshi"]
[Site "Plovdiv, Bulgaria"]
[Date "2009.02.04"]
[Round "5.35"]
[White "Ivanov, Ljubomir"]
[Black "Xia, Jie"]
[Result "0-1"]
[WhiteElo "1963"]
[BlackElo "2239"]
[PlyCount "65"]
[EventDate "2009.02.01"]

1. d4 Nf6 2. c4 c6 3. Nf3 g6 4. Nc3 Bg7 5. e3 O-O 6. Bd3 d6 7. O-O Nbd7 8. Qc2
e5 9. b4 Re8 10. Bb2 Qe7 11. Nd2 Nh5 12. d5 Ndf6 13. Be2 Bh6 14. Bf3 cxd5 15.
Bxh5 Bf5 16. e4 dxe4 17. Be2 e3 18. Nde4 exf2+ 19. Kh1 Nxe4 20. Nxe4 Qh4 21.
Bd3 Bf4 22. g3 Bxe4+ 23. Bxe4 Bxg3 24. Rxf2 Bxf2 25. Rf1 Bg3 26. Bxb7 Rab8 27.
Bd5 Bf4 28. b5 Rbc8 29. a4 Rc7 30. Ba3 Rec8 31. Rg1 Rxc4 32. Qe2 Rc1 33. Bf3
0-1

[Event "31st Bulgarian Open Chmpionshi"]
[Site "Plovdiv, Bulgaria"]
[Date "2009.02.04"]
[Round "5.36"]
[White "Kolev, Velio"]
[Black "Angelov, Kosta"]
[Result "0-1"]
[WhiteElo "1956"]
[BlackElo "2229"]
[PlyCount "74"]
[EventDate "2009.02.01"]

1. Nf3 d6 2. e4 Nf6 3. d3 Bg4 4. h3 Bh5 5. g3 Nc6 6. Bg2 Qd7 7. Nbd2 e5 8. c3
Be7 9. Qb3 O-O-O 10. a4 d5 11. Qc2 Bg6 12. Nh4 Qe6 13. O-O dxe4 14. dxe4 Nh5
15. Ndf3 f6 16. Nxg6 hxg6 17. Nh4 Qf7 18. Be3 Nf4 19. gxf4 Rxh4 20. f5 Rdh8 21.
Qe2 Bd6 22. Qf3 Ne7 23. Rfd1 gxf5 24. Rxd6 cxd6 25. exf5 e4 26. Qe2 Nxf5 27.
Bxa7 Qe6 28. Re1 Re8 29. Bb6 d5 30. a5 Qc6 31. Rd1 Nd6 32. Qe1 Rh5 33. b3 f5
34. Qd2 Rh6 35. Qd4 Rg6 36. Qd2 d4 37. Kh2 Rxg2+ 0-1

[Event "31st Bulgarian Open Chmpionshi"]
[Site "Plovdiv, Bulgaria"]
[Date "2009.02.04"]
[Round "5.37"]
[White "Ivanov, Valentin"]
[Black "Simjanovski, Saso"]
[Result "0-1"]
[WhiteElo "1846"]
[BlackElo "2217"]
[PlyCount "106"]
[EventDate "2009.02.01"]

1. d4 g6 2. Bg5 Bg7 3. e3 c5 4. c3 b6 5. f4 Bb7 6. Nf3 Nf6 7. Nbd2 O-O 8. Bxf6
exf6 9. Qc2 Re8 10. e4 Bxe4 11. Nxe4 d5 12. O-O-O Rxe4 13. g3 Nc6 14. dxc5 bxc5
15. Qd3 Ne7 16. Bg2 Qb6 17. Rhe1 Rb8 18. Rd2 f5 19. Rde2 Qa5 20. Ne5 Bxe5 21.
fxe5 Rxe2 22. Rxe2 Qxa2 23. Qb1 Qxb1+ 24. Kxb1 Rd8 25. Rd2 Nc6 26. Bxd5 Nxe5
27. c4 Kg7 28. b3 Kf6 29. Ra2 Rd7 30. h3 Nd3 31. Rg2 Nb4 32. Ba8 Rd3 33. Kb2 f4
34. gxf4 Rxh3 35. Be4 Re3 36. Bb1 Nc6 37. Rf2 Nd4 38. f5 Rxb3+ 39. Ka2 Rf3 40.
Rh2 h5 41. fxg6 fxg6 42. Be4 Rf4 43. Bd5 h4 44. Rh3 g5 45. Ka3 Nf5 46. Ka4 Nd6
47. Rc3 g4 48. Ka5 g3 49. Ka6 Nxc4 50. Bg2 Nd6 51. Rxc5 Ra4+ 52. Ra5 Rxa5+ 53.
Kxa5 Nc4+ 0-1

[Event "31st Bulgarian Open Chmpionshi"]
[Site "Plovdiv, Bulgaria"]
[Date "2009.02.04"]
[Round "5.38"]
[White "Panajotov, Janko"]
[Black "Angelov, Bojan"]
[Result "1-0"]
[WhiteElo "2199"]
[BlackElo "1990"]
[PlyCount "235"]
[EventDate "2009.02.01"]

1. e4 e5 2. Bc4 Nf6 3. d3 Bc5 4. Nf3 d6 5. c3 Nc6 6. O-O Bb6 7. Bb3 O-O 8. Re1
Bg4 9. h3 Be6 10. Bc2 Ne7 11. d4 Ng6 12. Nbd2 h6 13. Nf1 Nh7 14. Ng3 Ng5 15.
Nxg5 hxg5 16. dxe5 Nxe5 17. Nf5 g6 18. Nd4 Bd7 19. Qd2 Bxh3 20. Qxg5 Qxg5 21.
Bxg5 Bg4 22. Kh2 Kg7 23. Kg3 Bd7 24. Rh1 Rh8 25. Rad1 f6 26. Bc1 Nc6 27. Ne2
Rae8 28. Rxh8 Rxh8 29. Nf4 Re8 30. Nd5 Ne7 31. Nxb6 axb6 32. f3 Ra8 33. a3 Be6
34. a4 Rh8 35. Re1 g5 36. b3 Ng6 37. c4 Rh4 38. Bd3 Ne5 39. Be2 Rh8 40. Bb2 Ng6
41. Bc1 Ne5 42. Bd2 Nc6 43. Bc3 Rh4 44. Bd1 Kf7 45. Bc2 Na5 46. Rd1 Ke7 47. Kf2
Nc6 48. Bd3 Na5 49. Rb1 Rh8 50. Kg1 Ra8 51. g3 Rg8 52. Kg2 Rh8 53. Bc2 Bh3+ 54.
Kg1 Be6 55. Rf1 Rh6 56. Rf2 Rh3 57. Kg2 Nc6 58. f4 gxf4 59. Rxf4 Ne5 60. Rh4
Rxh4 61. gxh4 Bg4 62. Kg3 Bh5 63. Bd4 Kf7 64. Bc3 Ke7 65. Be1 Kf7 66. Kf4 Kg6
67. Ke3 Bg4 68. Kf4 Kh5 69. Kg3 Ng6 70. Bc3 Ne5 71. b4 c5 72. a5 bxa5 73. bxa5
Be2 74. Kf4 Bg4 75. Kg3 Be2 76. Ba4 Bxc4 77. Be8+ Kh6 78. Bd2+ Kg7 79. h5 Kf8
80. Ba4 Bf7 81. Bd1 Ke7 82. Kf4 Bg8 83. Bc3 Bh7 84. Bb3 c4 85. Ba4 Nd3+ 86. Ke3
Nc5 87. Bc2 Ne6 88. Bd1 Nc5 89. Bf3 Bg8 90. Bb4 Na6 91. Ba3 Kd7 92. Kd4 Nc7 93.
Bc1 Nb5+ 94. Ke3 Ke7 95. Bg4 Bh7 96. Bc8 Kd8 97. Bxb7 f5 98. h6 Nc3 99. exf5
Bxf5 100. Ba3 d5 101. a6 Kc7 102. Kf4 Bh7 103. Bb4 d4 104. Bf3 Kb6 105. Bb7
Ne2+ 106. Ke5 c3 107. Ba5+ Ka7 108. Be4 Bg8 109. Bd3 Nc1 110. Bc4 Bh7 111. Kxd4
c2 112. Bd2 Na2 113. Bxa2 Kxa6 114. Bc4+ Kb6 115. Bd3 Bg8 116. Bxc2 Kc6 117.
Ke5 Kd7 118. Kf6 1-0

[Event "31st Bulgarian Open Chmpionshi"]
[Site "Plovdiv, Bulgaria"]
[Date "2009.02.04"]
[Round "5.39"]
[White "Arnaudov, Petar"]
[Black "Ivanov, Borislav"]
[Result "1-0"]
[WhiteElo "2194"]
[BlackElo "1973"]
[PlyCount "66"]
[EventDate "2009.02.01"]

1. Nf3 Nf6 2. g3 d5 3. c4 c6 4. b3 Bf5 5. Ba3 g6 6. Bg2 Bg7 7. Bb2 O-O 8. O-O
Qb6 9. Qc1 a5 10. Nc3 Ne4 11. Na4 Qd8 12. d3 Nf6 13. h3 h6 14. Rd1 Na6 15. e4
Bd7 16. c5 Nc7 17. Nb6 Rb8 18. a4 Ne6 19. b4 axb4 20. a5 Bc8 21. e5 Nd7 22. d4
Nxb6 23. cxb6 Bd7 24. Bf1 Ra8 25. Ne1 Ng5 26. Kh2 Qc8 27. h4 Ne4 28. f3 Nc3 29.
Bxc3 bxc3 30. Qxc3 f6 31. Nd3 Bf5 32. Nc5 Rb8 33. Qe3 Re8 1-0

[Event "31st Bulgarian Open Chmpionshi"]
[Site "Plovdiv, Bulgaria"]
[Date "2009.02.04"]
[Round "6.2"]
[White "Spasov, Vasil"]
[Black "Nikolov, Sasho"]
[Result "1/2-1/2"]
[WhiteElo "2532"]
[BlackElo "2419"]
[PlyCount "74"]
[EventDate "2009.02.01"]

1. e4 c5 2. Nf3 d6 3. d4 cxd4 4. Nxd4 Nf6 5. Nc3 a6 6. Be3 e5 7. Nf3 Be7 8. Bc4
O-O 9. O-O Nc6 10. Qe2 Na5 11. Bd5 Bd7 12. Rfd1 Rc8 13. a4 Qc7 14. Bg5 Be6 15.
h3 Nxd5 16. Nxd5 Bxd5 17. Rxd5 Bxg5 18. Nxg5 Nc4 19. b3 Nb6 20. Rd2 Nd7 21.
Rad1 Nf6 22. c4 Qb6 23. Rd3 Rc6 24. Nf3 Qc5 25. Nh2 b5 26. cxb5 axb5 27. axb5
Qxb5 28. Ng4 Nxg4 29. Qxg4 g6 30. Qd7 Rb6 31. Rxd6 Qxb3 32. Rxb6 Qxb6 33. Qe7
Qb3 34. Re1 Qc3 35. Re3 Qd4 36. Qf6 Re8 37. Rf3 Qd7 1/2-1/2

[Event "31st Bulgarian Open Chmpionshi"]
[Site "Plovdiv, Bulgaria"]
[Date "2009.02.04"]
[Round "6.6"]
[White "Vasilev, Milen"]
[Black "Todorov, Ognjan"]
[Result "0-1"]
[WhiteElo "2475"]
[BlackElo "2346"]
[PlyCount "75"]
[EventDate "2009.02.01"]

1. d4 d5 2. Nf3 Nf6 3. g3 c5 4. dxc5 e6 5. Be3 Na6 6. Bg2 Nxc5 7. O-O Be7 8. c4
O-O 9. Nc3 Nce4 10. Nxe4 Nxe4 11. cxd5 exd5 12. Rc1 Bf6 13. Bd4 Re8 14. Qc2 Bg4
15. Rfd1 Qa5 16. a3 Rac8 17. Qd3 h6 18. Bxf6 Nxf6 19. Nd4 Qb6 20. b4 Rc7 21. h3
Bh5 22. g4 Bg6 23. Nf5 Bxf5 24. gxf5 Rxc1 25. Rxc1 a5 26. b5 Qd6 27. e3 Qe5 28.
Rd1 Rd8 29. f4 Qc7 30. a4 Rd7 31. Qd2 Qc5 32. Rc1 Qa3 33. Rc8+ Kh7 34. Qd4 Re7
35. Qc5 Rxe3 36. Qc7 Re1+ 37. Kh2 Qe3 38. Qc3 0-1

[Event "31st Bulgarian Open Chmpionshi"]
[Site "Plovdiv, Bulgaria"]
[Date "2009.02.04"]
[Round "6.8"]
[White "Marholev, Dimitar"]
[Black "Janev, Tihomir"]
[Result "1-0"]
[WhiteElo "2356"]
[BlackElo "2331"]
[PlyCount "81"]
[EventDate "2009.02.01"]

1. e4 Nf6 2. Nc3 e5 3. Nf3 Nc6 4. a3 Be7 5. d4 exd4 6. Nxd4 d6 7. Nxc6 bxc6 8.
Bd3 O-O 9. O-O Re8 10. h3 a5 11. f4 d5 12. e5 Nd7 13. Na4 Nb6 14. Nxb6 Bc5+ 15.
Kh1 cxb6 16. Bd2 Ba6 17. Bxa6 Rxa6 18. Qf3 Ra7 19. Rae1 f5 20. b4 axb4 21. axb4
Bf8 22. Ra1 Ree7 23. Qd3 g6 24. Be3 Qa8 25. Rxa7 Rxa7 26. Bxb6 Rb7 27. Bc5 Bxc5
28. bxc5 Qa4 29. Qc3 Qc4 30. Qxc4 dxc4 31. Rd1 Rb2 32. Rd2 Kf7 33. Kg1 c3 34.
Re2 Rb5 35. Kf2 Rxc5 36. Re3 h6 37. Rd3 g5 38. g3 Rc4 39. Ke3 h5 40. Rd4 Rc5
41. Rd6 1-0

[Event "31st Bulgarian Open Chmpionshi"]
[Site "Plovdiv, Bulgaria"]
[Date "2009.02.04"]
[Round "6.9"]
[White "Vasilev, Vasil Aleksandrov"]
[Black "Popchev, Milko"]
[Result "1/2-1/2"]
[WhiteElo "2306"]
[BlackElo "2478"]
[PlyCount "163"]
[EventDate "2009.02.01"]

1. Nf3 d6 2. c4 e5 3. Nc3 f5 4. g3 g6 5. d3 Bg7 6. Bg2 Nf6 7. O-O O-O 8. Rb1 h6
9. e3 g5 10. b4 Nc6 11. Ne1 f4 12. b5 Ne7 13. d4 Bf5 14. Rb4 Ng6 15. dxe5 dxe5
16. Qxd8 Rfxd8 17. Bxb7 Rab8 18. Bg2 e4 19. exf4 gxf4 20. gxf4 Nh4 21. Be3 a5
22. Ra4 Bf8 23. c5 Nxg2 24. Nxg2 Rd7 25. Rxa5 Bg4 26. h3 Bxh3 27. Kh2 Bf5 28.
b6 Ng4+ 29. Kh1 Rf7 30. Nh4 Bc8 31. Rg1 cxb6 32. Rb5 Kh7 33. cxb6 Be7 34. Ng2
Bd7 35. Rbb1 Rf5 36. Rgd1 Bc6 37. b7 Rh5+ 38. Kg1 Nh2 39. Ba7 Nf3+ 40. Kf1 Rxb7
41. Rxb7 Bxb7 42. Ke2 Kg8 43. Ke3 Rh3 44. Nxe4 Ne5+ 45. f3 Rxf3+ 46. Ke2 Ba6+
47. Kd2 Nc4+ 48. Kc2 Bb7 49. Nc3 Rg3 50. Ne1 Bc8 51. Bd4 Bf5+ 52. Kb3 Na5+ 53.
Ka4 Nc6 54. Nd5 Bf8 55. Kb5 Nxd4+ 56. Rxd4 Ra3 57. Rd2 Kf7 58. Ng2 Bd3+ 59. Kb6
Bc4 60. Nge3 Bxa2 61. Kc6 Bb3 62. f5 Ba4+ 63. Kc7 Ra1 64. Ng4 Re1 65. Rh2 Bb3
66. Nf4 Rc1+ 67. Kb6 Bd6 68. Rh3 Bxf4 69. Rxb3 h5 70. Nf2 Kf6 71. Rh3 h4 72.
Kb5 Rf1 73. Rxh4 Rxf2 74. Kc4 Bg5 75. Rd4 Rf1 76. Rd6+ Ke5 77. Rd5+ Ke4 78.
Rd4+ Kxf5 79. Rd5+ Kg4 80. Rd4+ Bf4 81. Kd5 Kf5 82. Rd3 1/2-1/2

[Event "31st Bulgarian Open Chmpionshi"]
[Site "Plovdiv, Bulgaria"]
[Date "2009.02.04"]
[Round "6.10"]
[White "Lilov, Valeri"]
[Black "Badev, Kiril"]
[Result "1-0"]
[WhiteElo "2432"]
[BlackElo "2279"]
[PlyCount "97"]
[EventDate "2009.02.01"]

1. d4 e6 2. c4 Nf6 3. Nc3 c5 4. Nf3 cxd4 5. Nxd4 Nc6 6. e4 Bb4 7. Ndb5 O-O 8.
a3 Be7 9. Be3 d6 10. Be2 e5 11. a4 a6 12. Na3 Ne8 13. Nd5 Bg5 14. Bb6 Qd7 15.
O-O f5 16. exf5 Qxf5 17. Nc2 Qg6 18. Bh5 Qh6 19. Bxe8 Rxe8 20. Nc7 Bf4 21. g3
Bh3 22. Re1 Rac8 23. Nxe8 Rxe8 24. Qd5+ Kh8 25. Rad1 Qh5 26. Ne3 Bg5 27. Qe4
Re6 28. g4 Qh4 29. Qf3 Bf4 30. Ng2 Bxg2 31. Qxg2 h5 32. f3 Rg6 33. Bf2 Qf6 34.
h3 Nd4 35. Bxd4 exd4 36. Re4 Be3+ 37. Kh1 Qf7 38. b3 Rf6 39. Rf1 d5 40. cxd5
Qxd5 41. Re8+ Kh7 42. f4 Qxb3 43. Qe4+ g6 44. gxh5 Qc4 45. hxg6+ Rxg6 46. Qxb7+
Rg7 47. Qe4+ Rg6 48. Qe7+ Rg7 49. Qh4+ 1-0

[Event "31st Bulgarian Open Chmpionshi"]
[Site "Plovdiv, Bulgaria"]
[Date "2009.02.04"]
[Round "6.17"]
[White "Angelov, Kosta"]
[Black "Milchev, Nikolay"]
[Result "1/2-1/2"]
[WhiteElo "2241"]
[BlackElo "2348"]
[PlyCount "77"]
[EventDate "2009.02.01"]

1. e4 e5 2. Nc3 Nc6 3. Bc4 Nf6 4. f4 exf4 5. Nf3 Bb4 6. O-O O-O 7. e5 Ng4 8. d4
Bxc3 9. bxc3 d5 10. exd6 Qxd6 11. Ng5 f3 12. Nxf3 Bf5 13. h3 Nf6 14. Nh4 Bg6
15. a4 Rfe8 16. Nxg6 hxg6 17. Qd3 Na5 18. Ba2 Nd5 19. Qf3 Nf6 20. Bg5 Re7 21.
Qf2 Qc6 22. Bxf6 gxf6 23. Qxf6 Qxf6 24. Rxf6 Kg7 25. Raf1 Rf8 26. g4 Nc6 27. h4
Nd8 28. Kg2 Re2+ 29. R1f2 Rfe8 30. Kg3 R8e7 31. Rxe2 Rxe2 32. Rf2 Re3+ 33. Rf3
Re2 34. Bb3 f6 35. g5 f5 36. Rf2 Re3+ 37. Rf3 Re2 38. Rf2 Re3+ 39. Rf3 1/2-1/2

[Event "31st Bulgarian Open Chmpionshi"]
[Site "Plovdiv, Bulgaria"]
[Date "2009.02.04"]
[Round "6.18"]
[White "Dimitrov, Radoslav"]
[Black "Arnaudov, Petar"]
[Result "1-0"]
[WhiteElo "2318"]
[BlackElo "2207"]
[PlyCount "95"]
[EventDate "2009.02.01"]

1. d4 Nf6 2. c4 e6 3. Nc3 Bb4 4. Bd2 O-O 5. Nf3 d6 6. Qc2 Nc6 7. a3 Bxc3 8.
Bxc3 Qe7 9. g3 e5 10. dxe5 dxe5 11. Bg2 Bg4 12. O-O Rad8 13. Rad1 Rd7 14. Rxd7
Nxd7 15. Rd1 f6 16. Nh4 Rd8 17. Nf5 Qe8 18. Ne3 Be6 19. Nd5 Qf7 20. b3 Nb6 21.
e4 Nd4 22. Bxd4 exd4 23. Nf4 c5 24. Nxe6 Qxe6 25. f4 Kh8 26. a4 Nd7 27. Re1 b6
28. Qd2 a5 29. h3 Re8 30. Kh2 Qd6 31. Qe2 g6 32. h4 Kg7 33. h5 Qc7 34. Qg4 Qd6
35. Rf1 Nf8 36. e5 f5 37. h6+ Kf7 38. Qh3 Qd8 39. Bd5+ Ke7 40. Bc6 Nd7 41. g4
Rf8 42. Re1 Qc7 43. Qh4+ Ke8 44. e6 Qxf4+ 45. Kh1 g5 46. exd7+ Kd8 47. Re8+ Kc7
48. d8=Q+ 1-0

[Event "31st Bulgarian Open Chmpionshi"]
[Site "Plovdiv, Bulgaria"]
[Date "2009.02.04"]
[Round "6.26"]
[White "Yordanova, Svetla"]
[Black "Pantev, Veselin"]
[Result "1/2-1/2"]
[WhiteElo "2231"]
[BlackElo "2400"]
[PlyCount "81"]
[EventDate "2009.02.01"]

1. Nf3 c5 2. c4 b6 3. Nc3 Bb7 4. e4 d6 5. d4 cxd4 6. Nxd4 e6 7. Be3 Nf6 8. f3
Be7 9. Be2 O-O 10. O-O Nbd7 11. Qd2 a6 12. Rac1 Rc8 13. Rfd1 Qc7 14. Kh1 Qb8
15. b4 Rfe8 16. a3 Bd8 17. Nb3 Bc7 18. Bf4 Ne5 19. Bxe5 dxe5 20. c5 b5 21. a4
Rcd8 22. Qa2 bxa4 23. Qxa4 Nh5 24. c6 Bc8 25. Nc5 Rd4 26. Rb1 Red8 27. Bxa6 Bb6
28. Bxc8 Qxc8 29. Nd7 Rxd1+ 30. Rxd1 Bd4 31. Ne2 Nf6 32. Nxf6+ gxf6 33. b5 Bb6
34. h3 Kg7 35. Qc2 Rxd1+ 36. Qxd1 Qa8 37. Kh2 Qa2 38. Qd3 Qb2 39. Qc4 Bc7 40.
Ng3 Qf2 41. Ne2 1/2-1/2

[Event "31st Bulgarian Open Chmpionshi"]
[Site "Plovdiv, Bulgaria"]
[Date "2009.02.04"]
[Round "6.27"]
[White "Vlashki, Nino"]
[Black "Filev, Georgi"]
[Result "1/2-1/2"]
[WhiteElo "2229"]
[BlackElo "2401"]
[PlyCount "43"]
[EventDate "2009.02.01"]

1. e4 c5 2. Na3 Nc6 3. Bb5 Nf6 4. Bxc6 dxc6 5. d3 g6 6. f4 Bg7 7. Nf3 O-O 8.
O-O b6 9. Nc4 Ne8 10. Qe1 Nd6 11. Ne3 f5 12. e5 Nf7 13. h4 h5 14. a3 a5 15. a4
Be6 16. Ng5 Nxg5 17. hxg5 Qd7 18. b3 Qa7 19. Nc4 Rfb8 20. Be3 Kf7 21. Qf2 Bf8
22. Rfe1 1/2-1/2

[Event "31st Bulgarian Open Chmpionshi"]
[Site "Plovdiv, Bulgaria"]
[Date "2009.02.04"]
[Round "6.29"]
[White "Stoinev, Metodi"]
[Black "Petkov, Hristo"]
[Result "1/2-1/2"]
[WhiteElo "2403"]
[BlackElo "2061"]
[PlyCount "104"]
[EventDate "2009.02.01"]

1. e4 c5 2. Nf3 e6 3. Nc3 a6 4. d4 cxd4 5. Nxd4 d6 6. g3 Nf6 7. Bg2 Be7 8. O-O
Qc7 9. Be3 O-O 10. f4 Nc6 11. Nxc6 bxc6 12. Na4 Rb8 13. c4 c5 14. b3 Bb7 15.
Nc3 Bc6 16. g4 Qb7 17. Qf3 Nd7 18. g5 Rfe8 19. h4 Bf8 20. Qh3 g6 21. Rae1 Bg7
22. Bd2 Nb6 23. f5 Bd4+ 24. Kh1 exf5 25. exf5 Bxg2+ 26. Qxg2 Qxg2+ 27. Kxg2
Bxc3 28. Bxc3 gxf5 29. Rxf5 Rxe1 30. Bxe1 Re8 31. Bg3 Re6 32. Kf3 Kf8 33. Kg4
Ke7 34. Rf2 Nd7 35. Kf5 Nb8 36. Bf4 Nc6 37. Bd2 Nd4+ 38. Kf4 f5 39. gxf6+ Rxf6+
40. Kg3 Rxf2 41. Kxf2 Ke6 42. Bc3 Nc6 43. Ke3 Kf5 44. h5 Nd8 45. Be1 Nf7 46.
Bh4 Kg4 47. Be7 Kxh5 48. Ke4 Kg6 49. Kd5 h5 50. Ke6 a5 51. a3 Kg7 52. Kf5 Nh6+
1/2-1/2

[Event "31st Bulgarian Open Chmpionshi"]
[Site "Plovdiv, Bulgaria"]
[Date "2009.02.04"]
[Round "6.35"]
[White "Janachkov, Angel"]
[Black "Nedev, Teodor"]
[Result "1-0"]
[WhiteElo "2204"]
[BlackElo "2167"]
[PlyCount "49"]
[EventDate "2009.02.01"]

1. e4 c5 2. Nf3 e6 3. c3 d6 4. d4 Be7 5. Bd3 b6 6. O-O Nf6 7. e5 dxe5 8. dxe5
Nd5 9. Qe2 Bb7 10. c4 Nb4 11. Be4 Qc7 12. Nc3 Bxe4 13. Qxe4 Qc6 14. Qg4 g6 15.
Bg5 h5 16. Qh4 Bxg5 17. Qxg5 Nd7 18. Rad1 Nc2 19. Rd6 Qb7 20. Rfd1 Nd4 21. Nxd4
cxd4 22. R1xd4 Rd8 23. Ne4 O-O 24. Rxd7 Rxd7 25. Nf6+ 1-0

[Event "31st Bulgarian Open Chmpionshi"]
[Site "Plovdiv, Bulgaria"]
[Date "2009.02.04"]
[Round "6.37"]
[White "Galunova, Tsveta"]
[Black "Georgiev, Krum"]
[Result "0-1"]
[WhiteElo "1968"]
[BlackElo "2481"]
[PlyCount "66"]
[EventDate "2009.02.01"]

1. e4 c5 2. c3 e6 3. d4 d5 4. exd5 exd5 5. Nf3 Nc6 6. Bb5 Bd6 7. O-O Nge7 8.
Re1 O-O 9. h3 Qb6 10. Bxc6 bxc6 11. Nbd2 Bf5 12. dxc5 Bxc5 13. Nd4 Bg6 14. N2f3
Nf5 15. Ne5 Bxd4 16. cxd4 Rfe8 17. Be3 Qxb2 18. Nxc6 Nxe3 19. fxe3 Re6 20. Ne5
Be4 21. Re2 Qa3 22. Qb3 Qe7 23. Rc1 Re8 24. Qa4 h5 25. Qa5 Qg5 26. Rc7 f6 27.
Nc6 Bf3 28. Rc2 Rxe3 29. Qd2 Qg3 30. Ne7+ R3xe7 31. Rxe7 Rxe7 32. Rc8+ Kf7 33.
Rc1 Re2 0-1

[Event "31st Bulgarian Open Chmpionshi"]
[Site "Plovdiv, Bulgaria"]
[Date "2009.02.04"]
[Round "6.38"]
[White "Popov, Petar"]
[Black "Petrov, Plamen"]
[Result "1/2-1/2"]
[WhiteElo "2252"]
[BlackElo "1980"]
[PlyCount "120"]
[EventDate "2009.02.01"]

1. d4 Nf6 2. Nf3 g6 3. Bg5 Bg7 4. Nbd2 d5 5. c3 O-O 6. e3 Nbd7 7. Be2 b6 8. O-O
Bb7 9. Qc2 Rc8 10. Rfe1 c5 11. h3 Re8 12. Bf4 a6 13. a4 e6 14. Qb3 Qe7 15. Ne5
Nxe5 16. Bxe5 Nd7 17. Bxg7 Kxg7 18. f4 Qd6 19. Rf1 f6 20. Bg4 Rc7 21. Rad1 Bc6
22. Be2 Bb7 23. Rf2 cxd4 24. exd4 Nb8 25. Nf1 Rce7 26. Ne3 Nd7 27. c4 Qc7 28.
Rd2 dxc4 29. Nxc4 Bd5 30. Qb4 a5 31. Qd6 Qc6 32. Qxc6 Bxc6 33. b3 Bd5 34. Nd6
Rd8 35. Bc4 Nb8 36. Nb5 Nc6 37. Rd1 Red7 38. Rfd2 Kf7 39. Kf2 Ke7 40. Ke3 Nb4
41. g4 h6 42. Bxd5 Nxd5+ 43. Kf3 Rc8 44. Re1 Kf7 45. Rde2 Rc6 46. h4 Nc3 47.
Nxc3 Rxc3+ 48. Re3 Rxe3+ 49. Kxe3 Rc7 50. Kd3 Rc6 51. Rb1 Ke7 52. h5 g5 53.
fxg5 fxg5 54. Re1 Rd6 55. Re5 Rc6 56. Re1 Rd6 57. Rc1 Rd5 58. Rb1 Kd6 59. Rf1
Ke7 60. Rf3 Rd6 1/2-1/2

[Event "31st Bulgarian Open Chmpionshi"]
[Site "Plovdiv, Bulgaria"]
[Date "2009.02.05"]
[Round "7.2"]
[White "Mrdja, Milan"]
[Black "Antic, Dejan"]
[Result "1/2-1/2"]
[WhiteElo "2386"]
[BlackElo "2495"]
[PlyCount "54"]
[EventDate "2009.02.01"]

1. e4 e5 2. Nf3 Nc6 3. Bb5 Nf6 4. d3 d6 5. c3 g6 6. d4 Bd7 7. O-O Bg7 8. Re1
O-O 9. a4 a6 10. Bf1 exd4 11. cxd4 Bg4 12. d5 Ne5 13. Be2 Bxf3 14. Bxf3 c6 15.
dxc6 bxc6 16. Nc3 Rb8 17. Be2 Qa5 18. Rb1 Rb4 19. Bd2 Qb6 20. Be3 c5 21. a5 Qc6
22. b3 Re8 23. f3 Reb8 24. h3 c4 25. f4 cxb3 26. Nd5 Nxd5 27. exd5 Qc3 1/2-1/2

[Event "31st Bulgarian Open Chmpionshi"]
[Site "Plovdiv, Bulgaria"]
[Date "2009.02.05"]
[Round "7.3"]
[White "Dimitrov, Radoslav"]
[Black "Spasov, Vasil"]
[Result "0-1"]
[WhiteElo "2376"]
[BlackElo "2595"]
[PlyCount "102"]
[EventDate "2009.02.01"]

1. c4 g6 2. Nc3 Bg7 3. g3 c5 4. Bg2 Nc6 5. e3 e5 6. Nge2 Nge7 7. d3 O-O 8. O-O
d6 9. h3 Rb8 10. Nd5 b5 11. Nec3 a6 12. b3 Nxd5 13. cxd5 Ne7 14. e4 f5 15. Ne2
h6 16. Bb2 g5 17. f4 gxf4 18. gxf4 Ng6 19. Qc1 Rb7 20. fxe5 Nxe5 21. Qe3 Rbf7
22. Rab1 fxe4 23. Rxf7 Rxf7 24. dxe4 Qh4 25. Bxe5 Bxe5 26. Rf1 Qg5 27. Qxg5+
hxg5 28. Rxf7 Kxf7 29. Kf2 Kf6 30. Nc1 Bd4+ 31. Ke2 Bd7 32. Nd3 a5 33. Kd2 b4
34. Kc2 a4 35. Bf1 a3 36. Bg2 Bc3 37. Nf2 Ke5 38. Bf3 Kf4 39. Bh5 Bd4 40. Bg4
Bb5 41. Nd3+ Kxe4 42. Be2 Bd7 43. Bg4 Bb5 44. Be2 Be8 45. Ne1 Kxd5 46. Bf3+ Ke5
47. Nd3+ Kf6 48. Kd2 Bg6 49. Ke2 Bf7 50. Ne1 Bc3 51. Nc2 c4 0-1

[Event "31st Bulgarian Open Chmpionshi"]
[Site "Plovdiv, Bulgaria"]
[Date "2009.02.05"]
[Round "7.5"]
[White "Voiska, Margarita"]
[Black "Lilov, Valeri"]
[Result "1-0"]
[WhiteElo "2339"]
[BlackElo "2443"]
[PlyCount "111"]
[EventDate "2009.02.01"]

1. Nf3 f5 2. g3 Nf6 3. Bg2 g6 4. d4 Bg7 5. O-O O-O 6. c4 d6 7. b4 Qe8 8. Bb2 h6
9. Nbd2 c6 10. e3 g5 11. Ne1 Qg6 12. f4 g4 13. Nd3 h5 14. Re1 h4 15. e4 hxg3
16. hxg3 fxe4 17. Nxe4 Bf5 18. Nxf6+ Bxf6 19. Nf2 Nd7 20. Be4 e6 21. Qc2 Nb6
22. Bxf5 exf5 23. Re6 d5 24. c5 Nc4 25. Bc3 Rae8 26. Rae1 Rxe6 27. Rxe6 Kf7 28.
Re1 Qh5 29. Qe2 Kg7 30. Qe6 Bd8 31. b5 Qg6 32. Qd7+ Qf7 33. bxc6 Qxd7 34. cxd7
Rf7 35. Nd3 Rxd7 36. c6 Rc7 37. Nc5 Rxc6 38. Ne6+ Kf6 39. Nxd8 Ra6 40. Nxb7
Rxa2 41. Nc5 Ra3 42. Rc1 a5 43. Nd7+ Kg7 44. Ne5 Nd6 45. Be1 Nb5 46. Rc5 Nxd4
47. Rxa5 Rxa5 48. Bxa5 Nb3 49. Bc3 Kf8 50. Nc6 Kf7 51. Nd4 Nc5 52. Nxf5 Ne4 53.
Be1 Ke6 54. Nd4+ Kf6 55. Kf1 Kg6 56. Ke2 1-0

[Event "31st Bulgarian Open Chmpionshi"]
[Site "Plovdiv, Bulgaria"]
[Date "2009.02.05"]
[Round "7.6"]
[White "Todorov, Ognjan"]
[Black "Kojovic, Dragan"]
[Result "1-0"]
[WhiteElo "2303"]
[BlackElo "2403"]
[PlyCount "155"]
[EventDate "2009.02.01"]

1. d4 Nf6 2. Nf3 g6 3. Bf4 Bg7 4. e3 d6 5. Be2 O-O 6. O-O c5 7. c3 Qb6 8. Nbd2
Bf5 9. Nc4 Qc7 10. h3 b5 11. Ncd2 a6 12. a4 bxa4 13. Rxa4 Nd5 14. Bg3 Nb6 15.
Ra3 cxd4 16. exd4 e5 17. dxe5 dxe5 18. Qa1 Bc8 19. Re1 Bb7 20. Nb3 f5 21. Na5
f4 22. Bh4 Bd5 23. c4 Bf7 24. Ng5 h6 25. Nxf7 Rxf7 26. f3 Bf8 27. Bf2 N8d7 28.
Bd3 Rf6 29. Be4 Rb8 30. Ra2 Bb4 31. Rd1 Nc5 32. Qb1 Kg7 33. Qc2 Nbd7 34. Nb3
Rd6 35. Raa1 Nxb3 36. Qxb3 Bc5 37. Qc2 Rd8 38. Rxd6 Qxd6 39. Rd1 Bxf2+ 40. Kxf2
Qb6+ 41. Kf1 Nf8 42. Rxd8 Qxd8 43. c5 Ne6 44. c6 Qa5 45. Bxg6 Nd4 46. Qe4 Qa1+
47. Qb1 Qxb1+ 48. Bxb1 Nxc6 49. Ke2 Kf6 50. Kd3 Ke6 51. Kc4 Kd6 52. Be4 Nd4 53.
Kb4 Ne6 54. Ka5 Kc5 55. Kxa6 Kd4 56. Kb6 Nc5 57. Bc2 Nd7+ 58. Kc6 Nf6 59. Bb3
e4 60. fxe4 Nxe4 61. Bd1 Nf6 62. Bf3 Kc4 63. Kd6 Kb3 64. Ke5 Nd7+ 65. Kxf4 Kxb2
66. Kf5 Kc3 67. Kg6 Kd4 68. Kxh6 Ke5 69. Kg5 Nf8 70. Bg4 Nh7+ 71. Kg6 Nf6 72.
Bf3 Ng8 73. h4 Ne7+ 74. Kf7 Nf5 75. h5 Kf4 76. Kf6 Nh6 77. Kg6 Ng8 78. h6 1-0